[Event "DEM U10 2023"]
[Site "Willingen GER"]
[Date "2023.06.02"]
[Round "9"]
[White "Hildebrand, Azat"]
[Black "Ziem, Ole"]
[Result "1-0"]
[Termination "normal"]
[Board "20"]
[WhiteElo "1502"]
[BlackElo "1312"]
[WhiteClock "00:03:35"]
[BlackClock "00:28:12"]
[PlyCount "73"]
[WhiteFideId "34607536"]
[BlackFideId "34624791"]
[EventCountry "GER"]
[EventRounds "11"]
[EventType "swiss"]
[EventDate "2023.05.27"]

1. d4 {[%clk 01:15:55]} {[%emt 00:00:04]} Nf6 {[%clk 01:15:49]} {[%emt
00:00:11]} 2. Nf3 {[%clk 01:16:13]} {[%emt 00:00:12]} g6 {[%clk 01:16:09]}
{[%emt 00:00:10]} 3. Bf4 {[%clk 01:16:05]} {[%emt 00:00:39]} Bg7 {[%clk
01:16:18]} {[%emt 00:00:21]} 4. h3 {[%clk 01:15:39]} {[%emt 00:00:55]} d6
{[%clk 01:15:51]} {[%emt 00:00:57]} 5. e3 {[%clk 01:14:54]} {[%emt 00:01:15]}
O-O {[%clk 01:12:10]} {[%emt 00:04:11]} 6. Be2 {[%clk 01:14:28]} {[%emt
00:00:56]} Nbd7 {[%clk 01:06:07]} {[%emt 00:06:33]} 7. O-O {[%clk 01:11:52]}
{[%emt 00:03:06]} b6 {[%clk 01:00:32]} {[%emt 00:06:05]} 8. Nbd2 {[%clk
01:10:02]} {[%emt 00:02:20]} Bb7 {[%clk 01:00:39]} {[%emt 00:00:23]} 9. c3
{[%clk 01:07:49]} {[%emt 00:02:43]} Re8 {[%clk 00:59:39]} {[%emt 00:01:30]} 10.
Rc1 {[%clk 01:07:48]} {[%emt 00:00:31]} e5 {[%clk 00:59:39]} {[%emt 00:00:30]}
11. Bh2 {[%clk 01:07:50]} {[%emt 00:00:28]} Rc8 {[%clk 00:57:14]} {[%emt
00:02:55]} 12. Nc4 {[%clk 00:59:23]} {[%emt 00:08:57]} e4 {[%clk 00:51:49]}
{[%emt 00:05:56]} 13. Nfd2 {[%clk 00:56:46]} {[%emt 00:03:06]} d5 {[%clk
00:51:57]} {[%emt 00:00:22]} 14. Na3 {[%clk 00:54:33]} {[%emt 00:02:42]} c5
{[%clk 00:50:35]} {[%emt 00:01:54]} 15. Nb5 {[%clk 00:52:48]} {[%emt 00:02:15]}
Re6 {[%clk 00:46:12]} {[%emt 00:04:52]} 16. Nxa7 {[%clk 00:37:29]} {[%emt
00:15:50]} Ra8 {[%clk 00:45:53]} {[%emt 00:00:49]} 17. Nb5 {[%clk 00:37:40]}
{[%emt 00:00:20]} Rxa2 {[%clk 00:45:27]} {[%emt 00:00:56]} 18. Qc2 {[%clk
00:33:19]} {[%emt 00:04:51]} Ba6 {[%clk 00:44:19]} {[%emt 00:01:37]} 19. Ra1
{[%clk 00:30:28]} {[%emt 00:03:21]} Ra5 {[%clk 00:42:19]} {[%emt 00:02:31]} 20.
Rxa5 {[%clk 00:29:48]} {[%emt 00:01:10]} bxa5 {[%clk 00:42:13]} {[%emt
00:00:36]} 21. Bc7 {[%clk 00:28:49]} {[%emt 00:01:28]} Qc8 {[%clk 00:41:40]}
{[%emt 00:01:03]} 22. Bxa5 {[%clk 00:28:42]} {[%emt 00:00:38]} Qb7 {[%clk
00:40:12]} {[%emt 00:01:58]} 23. Nc7 {[%clk 00:25:52]} {[%emt 00:03:19]} Bxe2
{[%clk 00:39:46]} {[%emt 00:00:55]} 24. Nxe6 {[%clk 00:26:13]} {[%emt
00:00:09]} Bxf1 {[%clk 00:40:02]} {[%emt 00:00:15]} 25. Nxc5 {[%clk 00:21:50]}
{[%emt 00:04:53]} Nxc5 {[%clk 00:39:19]} {[%emt 00:01:14]} 26. dxc5 {[%clk
00:22:01]} {[%emt 00:00:18]} Bd3 {[%clk 00:39:42]} {[%emt 00:00:06]} 27. Qa4
{[%clk 00:21:40]} {[%emt 00:00:51]} Qb5 {[%clk 00:39:11]} {[%emt 00:01:02]} 28.
Qxb5 {[%clk 00:18:43]} {[%emt 00:03:26]} Bxb5 {[%clk 00:39:03]} {[%emt
00:00:39]} 29. Nb3 {[%clk 00:18:31]} {[%emt 00:00:42]} Bc4 {[%clk 00:37:50]}
{[%emt 00:01:43]} 30. Nd4 {[%clk 00:17:30]} {[%emt 00:01:31]} Kf8 {[%clk
00:35:54]} {[%emt 00:02:26]} 31. b4 {[%clk 00:16:35]} {[%emt 00:01:25]} Nd7
{[%clk 00:34:59]} {[%emt 00:01:24]} 32. c6 {[%clk 00:15:33]} {[%emt 00:01:32]}
Nf6 {[%clk 00:33:39]} {[%emt 00:01:50]} 33. b5 {[%clk 00:14:06]} {[%emt
00:01:56]} Ke7 {[%clk 00:33:12]} {[%emt 00:00:57]} 34. b6 {[%clk 00:11:18]}
{[%emt 00:03:18]} Ba6 {[%clk 00:32:23]} {[%emt 00:01:20]} 35. Nb3 {[%clk
00:04:58]} {[%emt 00:06:50]} Kd6 {[%clk 00:31:44]} {[%emt 00:01:08]} 36. Nd4
{[%clk 00:04:25]} {[%emt 00:01:03]} Ne8 {[%clk 00:28:12]} {[%emt 00:04:02]} 37.
b7 {[%clk 00:03:35]} 1-0

[Event "DEM U10 2023"]
[Site "Willingen GER"]
[Date "2023.06.02"]
[Round "9"]
[White "Prashanthakumar, Arnesh"]
[Black "Burban, Bogdan"]
[Result "0-1"]
[Termination "normal"]
[Board "21"]
[WhiteElo "1395"]
[BlackElo "1300"]
[WhiteClock "00:00:35"]
[BlackClock "00:20:23"]
[PlyCount "68"]
[WhiteFideId "34604073"]
[BlackFideId "34609040"]
[EventCountry "GER"]
[EventRounds "11"]
[EventType "swiss"]
[EventDate "2023.05.27"]

1. e4 {[%clk 01:15:57]} {[%emt 00:00:02]} e6 {[%clk 01:15:51]} {[%emt
00:00:10]} 2. d4 {[%clk 01:16:13]} {[%emt 00:00:14]} d5 {[%clk 01:16:05]}
{[%emt 00:00:16]} 3. Nc3 {[%clk 01:16:10]} {[%emt 00:00:33]} Nf6 {[%clk
01:16:23]} {[%emt 00:00:12]} 4. e5 {[%clk 01:16:09]} {[%emt 00:00:31]} Nfd7
{[%clk 01:16:42]} {[%emt 00:00:12]} 5. f4 {[%clk 01:15:59]} {[%emt 00:00:39]}
c5 {[%clk 01:16:48]} {[%emt 00:00:24]} 6. Nf3 {[%clk 01:15:33]} {[%emt
00:00:56]} Nc6 {[%clk 01:16:32]} {[%emt 00:00:46]} 7. Be3 {[%clk 01:15:17]}
{[%emt 00:00:45]} a6 {[%clk 01:16:31]} {[%emt 00:00:32]} 8. Qd2 {[%clk
01:14:53]} {[%emt 00:00:54]} b5 {[%clk 01:16:35]} {[%emt 00:00:26]} 9. a3
{[%clk 01:14:36]} {[%emt 00:00:48]} Qb6 {[%clk 01:16:40]} {[%emt 00:00:25]} 10.
Be2 {[%clk 01:13:42]} {[%emt 00:01:23]} b4 {[%clk 01:16:38]} {[%emt 00:00:33]}
11. axb4 {[%clk 01:12:06]} {[%emt 00:02:05]} cxb4 {[%clk 01:16:20]} {[%emt
00:00:49]} 12. Nd1 {[%clk 01:10:31]} {[%emt 00:02:05]} Be7 {[%clk 01:14:43]}
{[%emt 00:02:07]} 13. O-O {[%clk 01:09:20]} {[%emt 00:01:40]} Bb7 {[%clk
01:12:46]} {[%emt 00:02:28]} 14. Nf2 {[%clk 01:06:25]} {[%emt 00:03:23]} O-O
{[%clk 01:11:45]} {[%emt 00:01:32]} 15. Kh1 {[%clk 00:57:44]} {[%emt 00:09:10]}
Rac8 {[%clk 01:05:58]} {[%emt 00:06:18]} 16. Rg1 {[%clk 00:54:31]} {[%emt
00:03:42]} Na5 {[%clk 01:04:30]} {[%emt 00:01:59]} 17. g4 {[%clk 00:53:06]}
{[%emt 00:01:54]} Nc4 {[%clk 01:03:36]} {[%emt 00:01:25]} 18. Bxc4 {[%clk
00:51:46]} {[%emt 00:01:49]} Rxc4 {[%clk 01:00:29]} {[%emt 00:03:38]} 19. h4
{[%clk 00:49:30]} {[%emt 00:02:45]} Rfc8 {[%clk 00:58:48]} {[%emt 00:02:12]}
20. Rac1 {[%clk 00:42:47]} {[%emt 00:07:13]} a5 {[%clk 00:55:01]} {[%emt
00:04:18]} 21. h5 {[%clk 00:39:50]} {[%emt 00:03:26]} a4 {[%clk 00:52:13]}
{[%emt 00:03:19]} 22. g5 {[%clk 00:37:14]} {[%emt 00:03:05]} a3 {[%clk
00:47:20]} {[%emt 00:05:24]} 23. bxa3 {[%clk 00:34:10]} {[%emt 00:03:34]} bxa3
{[%clk 00:43:15]} {[%emt 00:04:36]} 24. Ne1 {[%clk 00:26:15]} {[%emt 00:08:25]}
a2 {[%clk 00:41:36]} {[%emt 00:02:09]} 25. Ra1 {[%clk 00:19:48]} {[%emt
00:06:57]} Qb2 {[%clk 00:38:05]} {[%emt 00:04:01]} 26. Qd1 {[%clk 00:15:38]}
{[%emt 00:04:38]} Ba6 {[%clk 00:26:56]} {[%emt 00:11:40]} 27. Nfd3 {[%clk
00:11:45]} {[%emt 00:04:22]} Qa3 {[%clk 00:25:58]} {[%emt 00:01:28]} 28. Bc1
{[%clk 00:07:55]} {[%emt 00:04:21]} Qa4 {[%clk 00:25:35]} {[%emt 00:00:53]} 29.
Be3 {[%clk 00:07:06]} {[%emt 00:01:19]} Rc3 {[%clk 00:22:40]} {[%emt 00:03:26]}
30. Bd2 {[%clk 00:05:27]} {[%emt 00:02:08]} Bxd3 {[%clk 00:21:35]} {[%emt
00:01:35]} 31. Nxd3 {[%clk 00:03:10]} {[%emt 00:02:47]} Rxc2 {[%clk 00:20:39]}
{[%emt 00:01:26]} 32. Nb4 {[%emt 00:02:21]} Bxb4 {[%clk 00:20:19]} {[%emt
00:00:36]} 33. Bxb4 {[%clk 00:01:29]} {[%emt 00:00:35]} Qxb4 {[%clk 00:20:26]}
{[%emt 00:00:22]} 34. Rg3 {[%clk 00:00:35]} {[%emt 00:01:24]} Qb2 {[%clk
00:20:23]} {[%emt 00:00:33]} 0-1

[Event "DEM U10 2023"]
[Site "Willingen GER"]
[Date "2023.06.02"]
[Round "9"]
[White "Wüstenberg, Benjamin"]
[Black "Schmidt, Jossip"]
[Result "0-1"]
[Termination "normal"]
[Board "22"]
[WhiteElo "1343"]
[BlackElo "1276"]
[WhiteClock "00:09:49"]
[BlackClock "00:19:46"]
[PlyCount "60"]
[WhiteFideId "34660259"]
[BlackFideId "34621148"]
[EventCountry "GER"]
[EventRounds "11"]
[EventType "swiss"]
[EventDate "2023.05.27"]

1. e4 {[%clk 01:15:59]} d5 {[%clk 01:15:48]} {[%emt 00:00:11]} 2. exd5 {[%clk
01:16:21]} {[%emt 00:00:09]} Qxd5 {[%clk 01:15:33]} {[%emt 00:00:45]} 3. Nc3
{[%clk 01:16:46]} {[%emt 00:00:06]} Qd6 {[%clk 01:15:24]} {[%emt 00:00:39]} 4.
Bc4 {[%clk 01:16:53]} {[%emt 00:00:24]} Nf6 {[%clk 01:14:50]} {[%emt 00:01:04]}
5. d3 {[%clk 01:17:10]} {[%emt 00:00:14]} e6 {[%clk 01:13:54]} {[%emt
00:01:25]} 6. Nf3 {[%clk 01:17:15]} {[%emt 00:00:25]} a6 {[%clk 01:13:06]}
{[%emt 00:01:19]} 7. Be3 {[%clk 01:14:05]} {[%emt 00:03:39]} b5 {[%clk
01:10:48]} {[%emt 00:02:48]} 8. Bb3 {[%clk 01:14:19]} {[%emt 00:00:16]} Bb7
{[%clk 01:09:42]} {[%emt 00:01:35]} 9. Qd2 {[%clk 01:07:52]} {[%emt 00:06:58]}
Be7 {[%clk 01:04:49]} {[%emt 00:05:23]} 10. Bf4 {[%clk 01:03:58]} {[%emt
00:04:24]} Qd8 {[%clk 01:03:02]} {[%emt 00:02:17]} 11. Qe2 {[%clk 00:51:29]}
{[%emt 00:13:00]} Nbd7 {[%clk 01:01:03]} {[%emt 00:02:28]} 12. d4 {[%clk
00:45:05]} {[%emt 00:06:54]} c5 {[%clk 00:57:40]} {[%emt 00:03:53]} 13. dxc5
{[%clk 00:40:45]} {[%emt 00:04:51]} Bxc5 {[%clk 00:57:06]} {[%emt 00:01:05]}
14. Rd1 {[%clk 00:38:02]} {[%emt 00:03:13]} Qe7 {[%clk 00:56:04]} {[%emt
00:01:30]} 15. O-O {[%clk 00:34:24]} {[%emt 00:04:09]} O-O {[%clk 00:50:50]}
{[%emt 00:05:43]} 16. Rd2 {[%clk 00:30:01]} {[%emt 00:04:53]} Rfd8 {[%clk
00:47:17]} {[%emt 00:04:05]} 17. Bg5 {[%clk 00:27:16]} {[%emt 00:03:15]} Nf8
{[%clk 00:43:25]} {[%emt 00:04:21]} 18. Rfd1 {[%clk 00:25:23]} {[%emt
00:02:24]} Rxd2 {[%clk 00:42:03]} {[%emt 00:01:51]} 19. Rxd2 {[%clk 00:25:16]}
{[%emt 00:00:37]} Rd8 {[%clk 00:40:57]} {[%emt 00:01:35]} 20. Rxd8 {[%clk
00:23:42]} {[%emt 00:02:05]} Qxd8 {[%clk 00:40:58]} {[%emt 00:00:29]} 21. Qe5
{[%clk 00:23:28]} {[%emt 00:00:43]} N8d7 {[%clk 00:39:13]} {[%emt 00:02:14]}
22. Bxf6 {[%clk 00:20:36]} {[%emt 00:03:23]} Qb6 {[%clk 00:32:14]} {[%emt
00:07:29]} 23. Qg3 {[%clk 00:19:02]} {[%emt 00:02:04]} Nxf6 {[%clk 00:32:12]}
{[%emt 00:00:31]} 24. Nd4 {[%clk 00:17:39]} {[%emt 00:01:54]} Bd6 {[%clk
00:23:36]} {[%emt 00:09:07]} 25. Qh3 {[%clk 00:13:32]} {[%emt 00:04:37]} Qxd4
{[%clk 00:22:58]} {[%emt 00:01:08]} 26. a3 {[%clk 00:09:32]} {[%emt 00:04:31]}
Qe5 {[%clk 00:22:16]} {[%emt 00:01:12]} 27. Qe3 {[%clk 00:08:58]} {[%emt
00:01:03]} Qxh2+ {[%clk 00:19:29]} {[%emt 00:03:16]} 28. Kf1 {[%clk 00:09:20]}
{[%emt 00:00:09]} Qxg2+ {[%clk 00:19:45]} {[%emt 00:00:14]} 29. Ke2 {[%clk
00:09:46]} {[%emt 00:00:05]} Qg4+ {[%clk 00:19:22]} {[%emt 00:00:52]} 30. Kd2
{[%clk 00:09:49]} {[%emt 00:00:27]} Bf4 {[%clk 00:19:46]} {[%emt 00:00:05]} 0-1

[Event "DEM U10 2023"]
[Site "Willingen GER"]
[Date "2023.06.02"]
[Round "9"]
[White "Rusch, Levi Adrian"]
[Black "Cremann, Jannis"]
[Result "1-0"]
[Termination "normal"]
[Board "23"]
[WhiteElo "1151"]
[BlackElo "1324"]
[WhiteClock "00:53:23"]
[BlackClock "00:46:41"]
[PlyCount "49"]
[WhiteFideId "34660224"]
[BlackFideId "34660178"]
[EventCountry "GER"]
[EventRounds "11"]
[EventType "swiss"]
[EventDate "2023.05.27"]

1. d4 {[%clk 01:15:59]} {[%emt 00:00:01]} Nf6 {[%clk 01:15:48]} {[%emt
00:00:12]} 2. c4 {[%clk 01:16:24]} {[%emt 00:00:05]} g6 {[%clk 01:16:00]}
{[%emt 00:00:17]} 3. Nc3 {[%clk 01:16:46]} {[%emt 00:00:08]} Bg7 {[%clk
01:15:57]} {[%emt 00:00:33]} 4. e4 {[%clk 01:17:08]} {[%emt 00:00:09]} d6
{[%clk 01:16:06]} {[%emt 00:00:21]} 5. Bg5 {[%clk 01:17:08]} {[%emt 00:00:29]}
h6 {[%clk 01:16:13]} {[%emt 00:00:23]} 6. Bxf6 {[%clk 01:17:12]} {[%emt
00:00:25]} Bxf6 {[%clk 01:16:16]} {[%emt 00:00:28]} 7. Nf3 {[%clk 01:17:01]}
{[%emt 00:00:42]} O-O {[%clk 01:14:55]} {[%emt 00:01:50]} 8. Qd2 {[%clk
01:17:08]} {[%emt 00:00:23]} Bg7 {[%clk 01:14:56]} {[%emt 00:00:30]} 9. h4
{[%clk 01:16:58]} {[%emt 00:00:41]} c5 {[%clk 01:15:02]} {[%emt 00:00:22]} 10.
d5 {[%clk 01:16:52]} {[%emt 00:00:37]} a5 {[%clk 01:14:44]} {[%emt 00:00:48]}
11. h5 {[%clk 01:17:02]} {[%emt 00:00:20]} a4 {[%clk 01:14:18]} {[%emt
00:00:56]} 12. a3 {[%clk 01:17:06]} {[%emt 00:00:26]} Qb6 {[%clk 01:12:56]}
{[%emt 00:01:52]} 13. Bd3 {[%clk 01:08:27]} {[%emt 00:09:10]} Bg4 {[%clk
01:10:33]} {[%emt 00:02:51]} 14. Rh4 {[%clk 01:06:18]} {[%emt 00:02:39]} Bd7
{[%clk 01:03:10]} {[%emt 00:07:53]} 15. hxg6 {[%clk 01:05:40]} {[%emt
00:01:09]} fxg6 {[%clk 01:03:26]} {[%emt 00:00:13]} 16. e5 {[%clk 01:04:43]}
{[%emt 00:01:28]} dxe5 {[%clk 01:02:56]} {[%emt 00:01:00]} 17. Nxe5 {[%clk
01:04:38]} {[%emt 00:00:34]} Bf5 {[%clk 00:58:46]} {[%emt 00:04:40]} 18. Ng4
{[%clk 00:55:13]} {[%emt 00:09:55]} g5 {[%clk 00:58:18]} {[%emt 00:00:58]} 19.
Bxf5 {[%clk 00:54:54]} {[%emt 00:00:49]} gxh4 {[%clk 00:57:17]} {[%emt
00:01:31]} 20. Be6+ {[%clk 00:55:14]} {[%emt 00:00:10]} Kh8 {[%clk 00:57:37]}
{[%emt 00:00:09]} 21. Nxh6 {[%clk 00:55:19]} {[%emt 00:00:26]} Rf6 {[%clk
00:50:58]} {[%emt 00:07:09]} 22. Nf7+ {[%clk 00:55:22]} {[%emt 00:00:28]} Kg8
{[%clk 00:50:54]} {[%emt 00:00:34]} 23. Ng5+ {[%clk 00:53:29]} {[%emt
00:02:23]} Rxe6+ {[%clk 00:49:09]} {[%emt 00:02:15]} 24. Nxe6 {[%clk 00:53:32]}
{[%emt 00:00:28]} Nd7 {[%clk 00:46:41]} {[%emt 00:02:58]} 25. Qg5 {[%clk
00:53:23]} {[%emt 00:00:39]} 1-0

[Event "DEM U10 2023"]
[Site "Willingen GER"]
[Date "2023.06.02"]
[Round "9"]
[White "König, Lian"]
[Black "Obermair, Hannes"]
[Result "0-1"]
[Termination "normal"]
[Board "24"]
[WhiteElo "924"]
[BlackElo "1320"]
[WhiteClock "00:02:18"]
[BlackClock "00:35:30"]
[PlyCount "64"]
[WhiteFideId "34660216"]
[BlackFideId "34640509"]
[EventCountry "GER"]
[EventRounds "11"]
[EventType "swiss"]
[EventDate "2023.05.27"]

1. e4 {[%clk 01:15:59]} c5 {[%clk 01:15:51]} {[%emt 00:00:09]} 2. Nc3 {[%clk
01:16:22]} {[%emt 00:00:07]} Nc6 {[%clk 01:16:07]} {[%emt 00:00:14]} 3. d3
{[%clk 01:16:45]} {[%emt 00:00:08]} e6 {[%clk 01:16:27]} {[%emt 00:00:09]} 4.
g3 {[%clk 01:16:52]} {[%emt 00:00:23]} d5 {[%clk 01:16:45]} {[%emt 00:00:12]}
5. Bg2 {[%clk 01:15:32]} {[%emt 00:01:50]} Nge7 {[%clk 01:14:27]} {[%emt
00:04:25]} 6. f4 {[%clk 01:14:33]} {[%emt 00:01:27]} d4 {[%clk 01:12:06]}
{[%emt 00:02:53]} 7. Nce2 {[%clk 01:14:22]} {[%emt 00:00:41]} g6 {[%clk
01:10:58]} {[%emt 00:01:38]} 8. b3 {[%clk 01:08:16]} {[%emt 00:06:36]} Bg7
{[%clk 01:12:15]} {[%emt 00:03:39]} 9. e5 {[%clk 01:07:29]} {[%emt 00:01:16]}
O-O {[%clk 01:11:53]} {[%emt 00:00:53]} 10. Bb2 {[%clk 01:04:20]} {[%emt
00:03:40]} Nf5 {[%clk 01:10:48]} {[%emt 00:01:35]} 11. Bf3 {[%clk 01:02:14]}
{[%emt 00:02:36]} Nce7 {[%clk 01:08:11]} {[%emt 00:03:06]} 12. Qd2 {[%clk
00:55:24]} {[%emt 00:07:19]} Ne3 {[%clk 01:06:36]} {[%emt 00:02:06]} 13. Nh3
{[%clk 00:53:26]} {[%emt 00:02:28]} h6 {[%clk 01:00:00]} {[%emt 00:07:05]} 14.
Nf2 {[%clk 00:53:06]} {[%emt 00:00:51]} Rb8 {[%emt 00:03:07]} 15. Ne4 {[%clk
00:52:37]} {[%emt 00:00:17]} b6 {[%clk 00:51:59]} {[%emt 00:06:37]} 16. c3
{[%clk 00:36:48]} {[%emt 00:16:19]} dxc3 {[%clk 00:49:30]} {[%emt 00:03:00]}
17. N2xc3 {[%clk 00:33:14]} {[%emt 00:05:21]} N3f5 {[%clk 00:47:21]} {[%emt
00:02:37]} 18. Nf2 {[%clk 00:23:52]} {[%emt 00:09:54]} Bb7 {[%clk 00:45:56]}
{[%emt 00:01:54]} 19. Bxb7 {[%clk 00:23:44]} {[%emt 00:00:38]} Rxb7 {[%clk
00:46:09]} {[%emt 00:00:16]} 20. Nce4 {[%clk 00:23:23]} {[%emt 00:00:53]} Nd4
{[%clk 00:45:39]} {[%emt 00:00:59]} 21. Bxd4 {[%clk 00:18:41]} {[%emt
00:05:12]} Qxd4 {[%clk 00:45:15]} {[%emt 00:00:52]} 22. O-O {[%clk 00:13:48]}
{[%emt 00:06:22]} Nf5 {[%clk 00:44:39]} {[%emt 00:01:09]} 23. Kh1 {[%clk
00:12:06]} {[%emt 00:02:14]} Rd7 {[%clk 00:42:11]} {[%emt 00:02:56]} 24. Rac1
{[%clk 00:09:27]} {[%emt 00:03:12]} Rfd8 {[%clk 00:39:59]} {[%emt 00:02:41]}
25. Rc3 {[%clk 00:07:08]} {[%emt 00:02:46]} Qd5 {[%clk 00:39:17]} {[%emt
00:01:12]} 26. Ng4 {[%clk 00:06:40]} {[%emt 00:00:58]} Qxe4+ {[%clk 00:37:55]}
{[%emt 00:01:52]} 27. dxe4 {[%clk 00:06:05]} {[%emt 00:00:45]} Rxd2 {[%clk
00:36:10]} {[%emt 00:02:37]} 28. exf5 {[%clk 00:04:53]} {[%emt 00:01:42]} exf5
{[%clk 00:35:59]} {[%emt 00:00:42]} 29. Nf6+ {[%clk 00:04:04]} {[%emt
00:01:17]} Bxf6 {[%clk 00:36:03]} {[%emt 00:00:26]} 30. exf6 {[%clk 00:04:15]}
{[%emt 00:00:10]} Rxa2 {[%clk 00:35:32]} {[%emt 00:01:11]} 31. Re1 {[%clk
00:04:23]} {[%emt 00:00:20]} Rd6 {[%clk 00:35:08]} {[%emt 00:00:54]} 32. Re8+
{[%clk 00:02:18]} {[%emt 00:02:35]} Kh7 {[%clk 00:35:30]} {[%emt 00:00:09]} 0-1

[Event "DEM U10 2023"]
[Site "Willingen GER"]
[Date "2023.06.02"]
[Round "9"]
[White "Gruner, Cornelius"]
[Black "Franke, Moritz"]
[Result "1/2-1/2"]
[Termination "normal"]
[Board "26"]
[WhiteElo "1279"]
[BlackElo "1141"]
[WhiteClock "00:36:59"]
[BlackClock "00:53:09"]
[PlyCount "40"]
[WhiteFideId "34616306"]
[BlackFideId "34629475"]
[EventCountry "GER"]
[EventRounds "11"]
[EventType "swiss"]
[EventDate "2023.05.27"]

1. d4 {[%clk 01:15:59]} {[%emt 00:00:01]} Nf6 {[%clk 01:15:54]} {[%emt
00:00:07]} 2. c4 {[%clk 01:16:23]} {[%emt 00:00:05]} g6 {[%clk 01:16:17]}
{[%emt 00:00:07]} 3. Nc3 {[%clk 01:16:35]} {[%emt 00:00:19]} Bg7 {[%clk
01:16:40]} {[%emt 00:00:07]} 4. e4 {[%clk 01:16:34]} {[%emt 00:00:31]} d6
{[%clk 01:17:03]} {[%emt 00:00:06]} 5. Nf3 {[%clk 01:16:24]} {[%emt 00:00:41]}
O-O {[%clk 01:17:15]} {[%emt 00:00:18]} 6. Be2 {[%clk 01:16:13]} {[%emt
00:00:41]} e5 {[%clk 01:17:20]} {[%emt 00:00:25]} 7. d5 {[%clk 01:16:20]}
{[%emt 00:00:23]} Nbd7 {[%clk 01:16:53]} {[%emt 00:00:57]} 8. O-O {[%clk
01:11:14]} {[%emt 00:05:36]} Nc5 {[%clk 01:17:11]} {[%emt 00:00:12]} 9. Nd2
{[%clk 01:07:40]} {[%emt 00:04:04]} Nfd7 {[%clk 01:16:36]} {[%emt 00:01:05]}
10. b4 {[%clk 01:04:11]} {[%emt 00:04:00]} Na6 {[%clk 01:16:23]} {[%emt
00:00:41]} 11. a3 {[%clk 01:04:07]} {[%emt 00:00:35]} f5 {[%clk 01:16:30]}
{[%emt 00:00:23]} 12. exf5 {[%clk 01:00:46]} {[%emt 00:03:50]} gxf5 {[%clk
01:16:49]} {[%emt 00:00:12]} 13. Nf3 {[%clk 00:58:00]} {[%emt 00:03:16]} h6
{[%clk 01:16:31]} {[%emt 00:00:47]} 14. Qc2 {[%clk 00:54:23]} {[%emt 00:04:07]}
e4 {[%clk 01:14:59]} {[%emt 00:02:02]} 15. Ne1 {[%clk 00:52:58]} {[%emt
00:01:56]} Re8 {[%clk 01:14:23]} {[%emt 00:01:05]} 16. Be3 {[%clk 00:50:05]}
{[%emt 00:03:24]} Qf6 {[%clk 01:08:00]} {[%emt 00:06:53]} 17. Rc1 {[%clk
00:46:45]} {[%emt 00:03:51]} c6 {[%clk 01:05:58]} {[%emt 00:02:32]} 18. Qd2
{[%clk 00:38:51]} {[%emt 00:08:24]} Nc7 {[%clk 00:56:25]} {[%emt 00:10:03]} 19.
f3 {[%clk 00:37:59]} {[%emt 00:01:22]} exf3 {[%clk 00:55:05]} {[%emt 00:01:49]}
20. Nxf3 {[%clk 00:36:59]} {[%emt 00:01:31]} cxd5 {[%clk 00:53:09]} {[%emt
00:02:26]} 1/2-1/2